BIBLIOTHÈQUE DE LA MAISON DU MEXIQUE

Logo 1 Logo 2

El Periquillo Sarniento (notice nᵒ 11828)

détails MARC
000 -Sello discográfico
campo de control de longitud fija 00935nam a2200301 4500
005 - Identificación de versión
campo de control 20251017062830.0
035 ## - Otros números de control del sistema
Número de control del sistema 6876
099 ## - fechas locales
Tipo de ítem Koha LIBRO
100 ## - Datos de procesamiento general
Datos de procesamiento general 20040928d19681959m y1spay5003 ba
105 ## - Campo de datos codificados: Material textual, monográfico
Datos codificados de monografía y 001ay
200 1# - Título y mención de responsabilidad
Título propio El Periquillo Sarniento
Designación general del material texto impreso
Primer mención de responsabilidad José Joaquín Fernández de Lizardi
Declaración de responsabilidad subsiguiente prólogo Jefferson Rea Spell
205 ## - Declaración de edición
Declaración de edición 9a ed
210 ## - Publicación, distribución, etc.
Lugar de publicación, distribución, etc. México
Nombre del editor, distribuidor, etc. Editorial Porrúa
Fecha de publicación, distribución, etc. 1968
215 ## - Descripción física
Designación de material específico y extensión del ítem XIII, 432 p
Dimensiones 22 cm
345 ## - Nota de información de adquisición
Fuente de adquisición/dirección de la suscripción [OBSOLETO] Donación
410 #1 - Series
Título Colección "Sepan Cuantos ..."
Número de volumen 1
606 ## - Término temático usado como materia
Elemento de entrada Novela mexicana
Subdivisión temática Colecciones
Número Koha 472
660 ## - Código de área geográfica
Código MX
700 ## - Nombre personal - Responsabilidad primaria
Elemento de entrada Fernández de Lizardi
Parte del nombre distinta del elemento de entrada José Joaquín
Fechas 1776-1827
Número Koha 6110
702 ## - Nombre personal - Responsabilidad secundaria
Elemento de entrada Rea Spell
Parte del nombre distinta del elemento de entrada Jefferson
Fechas 1886-1967
Número Koha 6225
801 #0 - Fuente de origen
Agencia cm
900 ## -
-- 1/8153
900 ## -
-- 7100419919\280904
942 ## - ELEMENTOS DE ENTRADA SECUNDARIOS (KOHA)
Tipo de ítem Koha Livre
996 ## -
-- MEX
-- 751145101
-- MMAG
-- 012304
-- 080 S479 V.1
-- 20250203LIV
Exemplaires
Estatus retirado Estado de daño Estado de pérdida Fecha de adquisición Biblioteca de origen Biblioteca actual Ubicación en estantería Código de barras Precio de reemplazo Signatura topográfica completa No para préstamo Tipo de ítem Koha Nota pública Nota no pública
      05/08/2025 Casa México Paris Casa México Paris   012304 05/08/2025 080 S479 V.1   Livre 20250203LIV 751145101